|
|
|
|
| LEADER |
00661cam a2200181 7i4500 |
| 001 |
0000023177 |
| 005 |
20110426090000.0 |
| 020 |
0 |
0 |
|a 9789211251081
|
| 090 |
0 |
0 |
|a AFRI 330.9
|b ECO
|
| 110 |
2 |
0 |
|a Economic Commission for Africa
|
| 245 |
2 |
0 |
|a Economic report on Africa 2008 :
|b Africa and the monterrey consensus : tracking performance and progress.
|
| 260 |
0 |
0 |
|a Ethiopia:
|b United Nations, Economic Commission for Africa,
|c 2008.
|
| 300 |
# |
# |
|a 183 p.
|
| 650 |
0 |
0 |
|a Economic development --
|z Africa
|
| 650 |
0 |
0 |
|a Economic conditions --
|z Africa
|
| 650 |
0 |
0 |
|a Social development --
|z Africa
|
| 651 |
0 |
0 |
|a Africa
|
| 999 |
|
|
|a 0000022809
|b Book
|c Regions
|e Business Information Centre
|